[Event "Charleroi op"]
[Site "Charleroi"]
[Date "2011.07.30"]
[Round "1"]
[White "Uhoda, Philippe"]
[Black "Toth, Charles"]
[Result "1-0"]
[WhiteElo "2100"]
[BlackElo "1734"]
[PlyCount "65"]
[EventDate "2011.07.30"]
[EventType "swiss"]
[EventRounds "9"]
[EventCountry "BEL"]
[SourceTitle "EXT 2012"]
[Source "ChessBase"]
[SourceDate "2011.11.24"]
[SourceVersion "1"]
[SourceVersionDate "2011.11.24"]
[SourceQuality "1"]

1. d4 Nf6 2. c4 e6 3. Nc3 Bb4 4. g3 Bxc3+ 5. bxc3 Qe7 6. Bg2 0-0 7. Nf3 Nc6 8. 0-0 e5 9. Re1 d6 10. a4 a5 11. e4 h6 12. d5 Nd8 13. c5 dxc5 14. Nd2 g5 15. Nc4 b6 16. f4 Nd7 17. Qh5 Ba6 18. Ne3 gxf4 19. Nf5 Qf6 20. Nxh6+ Kg7 21. Nf5+ Kg8 22. gxf4 Re8 23. fxe5 Nxe5 24. Re3 Ng6 25. Rh3 Re5 26. Qh7+ Kf8 27. Bh6+ Ke8 28. Bg7 Qg5 29. Bxe5 Nxe5 30. Qh8+ Kd7 31. Qxe5 Kc8 32. Ne7+ Kb7 33. Qxg5 1-0

[Event "Harkany Tenkes Cup 33rd"]
[Site "Harkany"]
[Date "2009.12.02"]
[Round "7"]
[White "Csonka, Balazs"]
[Black "Toth, Charles"]
[Result "1-0"]
[WhiteElo "2117"]
[BlackElo "1792"]
[PlyCount "31"]
[EventDate "2009.11.26"]
[EventType "swiss"]
[EventRounds "9"]
[EventCountry "HUN"]
[SourceTitle "EXT 2011"]
[Source "ChessBase"]
[SourceDate "2010.11.26"]
[SourceVersion "1"]
[SourceVersionDate "2010.11.26"]
[SourceQuality "1"]

1. e4 Nc6 2. Nf3 f5 3. exf5 d5 4. Bb5 Bxf5 5. Ne5 Qd6 6. d4 a6 7. Bxc6+ bxc6 8. 0-0 Nf6 9. c3 e6 10. Bf4 Rg8 11. Nd2 c5 12. Qa4+ Nd7 13. dxc5 Qe7 14. Bg5 Bc2 15. b3 Kd8 16. Qxd7# 1-0

[Event "Harkany Tenkes Cup 33rd"]
[Site "Harkany"]
[Date "2009.11.30"]
[Round "5"]
[White "Toth, Sarolta"]
[Black "Toth, Charles"]
[Result "1-0"]
[WhiteElo "2175"]
[BlackElo "1792"]
[PlyCount "81"]
[EventDate "2009.11.26"]
[EventType "swiss"]
[EventRounds "9"]
[EventCountry "HUN"]
[SourceTitle "EXT 2011"]
[Source "ChessBase"]
[SourceDate "2010.11.26"]
[SourceVersion "1"]
[SourceVersionDate "2010.11.26"]
[SourceQuality "1"]

1. Nf3 Nc6 2. c4 e6 3. g3 Nf6 4. Bg2 Be7 5. 0-0 0-0 6. d3 d6 7. Nc3 e5 8. Rb1 a5 9. a3 Nd4 10. Nxd4 exd4 11. Nb5 c5 12. b4 Ra6 13. Qb3 Qb6 14. bxc5 dxc5 15. Nxd4 Qd8 16. Nc2 Nd7 17. Ne3 Re6 18. Nd5 Rxe2 19. Be3 Bg5 20. Bf3 Rxe3 21. fxe3 Ne5 22. Bg2 Re8 23. d4 cxd4 24. exd4 Ng4 25. Rbe1 h5 26. Qb5 Be6 27. h3 Nf6 28. Nxf6+ Bxf6 29. d5 Bd7 30. Qxb7 Be5 31. Rxe5 Rxe5 32. c5 Qe8 33. c6 Bf5 34. d6 Be4 35. d7 Qe7 36. Qb8+ Kh7 37. d8Q Qc5+ 38. Rf2 Bxg2 39. Kxg2 Qxc6+ 40. Kh2 Re1 41. Qd3+ 1-0

[Event "Main Vogelsberg op 4th"]
[Site "Heusenstamm"]
[Date "2009.05.02"]
[Round "5"]
[White "Abrahamyan, Arsen"]
[Black "Toth, Charles"]
[Result "1-0"]
[WhiteElo "1396"]
[BlackElo "1797"]
[PlyCount "93"]
[EventDate "2009.04.30"]
[EventType "swiss"]
[EventRounds "7"]
[EventCountry "GER"]
[SourceTitle "CBM 130 Extra"]
[Source "ChessBase"]
[SourceDate "2009.07.02"]
[SourceVersion "2"]
[SourceVersionDate "2009.07.15"]
[SourceQuality "1"]

1. e4 c5 2. Nf3 Nc6 3. d4 cxd4 4. Nxd4 e5 5. Nb5 a6 6. Nd6+ Bxd6 7. Qxd6 Qf6 8. Qd1 Nge7 9. Nc3 0-0 10. Be2 b5 11. 0-0 Nd4 12. Be3 Bb7 13. f4 Nxe2+ 14. Qxe2 b4 15. Na4 Qc6 16. Nc5 exf4 17. Rxf4 Ng6 18. Rf2 Bc8 19. Nd3 Qxe4 20. Bc5 Re8 21. Re1 Bb7 22. Qxe4 Bxe4 23. Rfe2 d5 24. Nxb4 Rec8 25. Be3 f5 26. Nd3 Rc4 27. b3 Rc7 28. Nc5 Rc6 29. Nxe4 fxe4 30. Rd1 Rac8 31. Rxd5 Rxc2 32. Rdd2 Rc1+ 33. Kf2 Rf8+ 34. Kg3 h5 35. Rd6 Rf6 36. Rxf6 gxf6 37. Bxc1 f5 38. b4 Kf7 39. a4 Ne5 40. b5 axb5 41. axb5 Nd3 42. Be3 Ke6 43. b6 Kd7 44. Rc2 Nb4 45. Rc4 Nc6 46. Bf4 Na5 47. Rc7+ 1-0

[Event "Main Vogelsberg op 4th"]
[Site "Heusenstamm"]
[Date "2009.05.01"]
[Round "2"]
[White "Toth, Charles"]
[Black "Winand, Edgar"]
[Result "0-1"]
[WhiteElo "1797"]
[BlackElo "2055"]
[PlyCount "62"]
[EventDate "2009.04.30"]
[EventType "swiss"]
[EventRounds "7"]
[EventCountry "GER"]
[SourceTitle "CBM 130 Extra"]
[Source "ChessBase"]
[SourceDate "2009.07.02"]
[SourceVersion "2"]
[SourceVersionDate "2009.07.15"]
[SourceQuality "1"]

1. e4 d6 2. d4 g6 3. Be3 Bg7 4. Qd2 c5 5. c3 cxd4 6. cxd4 Nf6 7. Nc3 Ng4 8. Bf4 Nc6 9. f3 e5 10. fxg4 exf4 11. Qxf4 Nxd4 12. Bb5+ Nxb5 13. Nxb5 Qa5+ 14. Qd2 Qxb5 15. Rb1 Bxg4 16. h3 Be6 17. Ne2 0-0 18. 0-0 Bxa2 19. Rbc1 Bc4 20. Rf2 Be6 21. Nd4 Qb6 22. Nf3 Rad8 23. Kh1 h6 24. g4 d5 25. e5 d4 26. Re1 Bd5 27. Kh2 Qc7 28. Kg1 Rfe8 29. Rc1 Qb6 30. Qxd4 Qxd4 31. Nxd4 Bxe5 0-1

[Event "Le Touquet op 22nd B"]
[Site "Le Touquet"]
[Date "2007.10.27"]
[Round "1.7"]
[White "Vasseur, Dominique"]
[Black "Toth, Charles"]
[Result "0-1"]
[WhiteElo "1580"]
[BlackElo "1828"]
[PlyCount "83"]
[EventDate "2007.10.27"]
[EventType "swiss"]
[EventRounds "9"]
[EventCountry "FRA"]
[SourceTitle "EXT 2024"]
[Source "ChessBase"]
[SourceDate "2023.10.10"]
[SourceVersion "1"]
[SourceVersionDate "2023.10.10"]
[SourceQuality "1"]

1. e4 e6 2. Nf3 Nf6 3. Nc3 Bb4 4. d3 0-0 5. Bg5 h6 6. Bxf6 Qxf6 7. Qd2 d6 8. a3 Bxc3 9. Qxc3 Qxc3+ 10. bxc3 e5 11. g3 Bg4 12. Bg2 Nd7 13. 0-0 f5 14. exf5 Bxf5 15. Nd2 Rab8 16. f4 exf4 17. Rxf4 Nb6 18. a4 a5 19. c4 Bd7 20. Rxf8+ Rxf8 21. c3 Nxa4 22. Bxb7 Nc5 23. Bd5+ Kh8 24. d4 Na4 25. Nb3 Nxc3 26. Nxa5 Ne2+ 27. Kg2 Nxd4 28. Rd1 Nf5 29. Re1 Re8 30. Rxe8+ Bxe8 31. Kf3 g5 32. g4 Ne7 33. Nb7 Nxd5 34. cxd5 Kg7 35. Nd8 Bd7 36. h3 Kf6 37. Ke4 Ke7 38. Nc6+ Bxc6 39. dxc6 Ke6 40. Kd4 d5 41. Kc5 Ke5 42. Kb5 0-1

[Event "Harkany Tenkes Cup 28th"]
[Site "Harkany"]
[Date "2004.11.30"]
[Round "6"]
[White "Lukacs, Melinda"]
[Black "Toth, Charles"]
[Result "0-1"]
[WhiteElo "1994"]
[BlackElo "1856"]
[PlyCount "74"]
[EventDate "2004.11.25"]
[EventType "swiss"]
[EventRounds "9"]
[EventCountry "HUN"]
[SourceTitle "EXT 2008"]
[Source "ChessBase"]
[SourceDate "2007.11.25"]
[SourceVersion "1"]
[SourceVersionDate "2007.11.25"]
[SourceQuality "1"]

1. e4 Nc6 2. d4 e5 3. d5 Nce7 4. c4 Ng6 5. Bd3 Bc5 6. Nf3 Nf6 7. h3 0-0 8. Bd2 Qe7 9. 0-0 a6 10. a3 d6 11. Nc3 Bd7 12. Ne2 Nh5 13. Qc2 Nh4 14. Nh2 f5 15. exf5 Bxf5 16. Bxf5 Nxf5 17. Kh1 Nd4 18. Nxd4 Bxd4 19. Bc3 Ba7 20. Ng4 Nf4 21. Qe4 Rf7 22. Bd2 Qh4 23. Be3 Kh8 24. Bxa7 Rxa7 25. c5 Nxh3 26. gxh3 h5 27. Qg6 Rf3 28. Nh2 Rxh3 29. Qg2 g5 30. Rae1 g4 31. Re4 Ra8 32. Kg1 Rg8 33. f3 Rg3 34. Rf2 Rxg2+ 35. Rxg2 Qg5 36. fxg4 Qc1+ 37. Kf2 Qxc5+ 0-1

[Event "Harkany Tenkes Cup 28th"]
[Site "Harkany"]
[Date "2004.11.25"]
[Round "1"]
[White "Toth, Charles"]
[Black "Szell, Lajos"]
[Result "0-1"]
[WhiteElo "1856"]
[BlackElo "2241"]
[PlyCount "62"]
[EventDate "2004.11.25"]
[EventType "swiss"]
[EventRounds "9"]
[EventCountry "HUN"]
[SourceTitle "EXT 2008"]
[Source "ChessBase"]
[SourceDate "2007.11.25"]
[SourceVersion "1"]
[SourceVersionDate "2007.11.25"]
[SourceQuality "1"]

1. e4 e5 2. Nf3 Nc6 3. c3 Nf6 4. d4 Nxe4 5. d5 Ne7 6. Nxe5 Ng6 7. Nxg6 hxg6 8. Qe2 Qe7 9. Bf4 d6 10. f3 g5 11. fxe4 gxf4 12. Nd2 Qh4+ 13. Qf2 Be7 14. Nf3 Qxf2+ 15. Kxf2 Bd7 16. Bd3 0-0-0 17. h3 Bf6 18. a4 a6 19. Rhc1 Rhe8 20. b4 c6 21. Nd4 cxd5 22. exd5 Re5 23. Bc4 Kb8 24. Ra3 Rc8 25. Ba2 Re3 26. Ne2 Bh4+ 27. Kf1 Rce8 28. Rc2 f3 29. Bc4 fxe2+ 30. Bxe2 Bf5 31. Rd2 Rxe2 0-1

[Event "Saarlouis op 7th"]
[Site "Saarlouis"]
[Date "2004.05.22"]
[Round "5"]
[White "Toth, Charles"]
[Black "Thewes, Johannes"]
[Result "1/2-1/2"]
[WhiteElo "1891"]
[BlackElo "1126"]
[PlyCount "50"]
[EventDate "2004.05.19"]
[EventType "swiss"]
[EventRounds "7"]
[EventCountry "GER"]
[SourceTitle "EXT 2006"]
[Source "ChessBase"]
[SourceDate "2005.11.24"]
[SourceVersion "1"]
[SourceVersionDate "2005.11.24"]
[SourceQuality "1"]

1. e4 e6 2. d4 d5 3. Nc3 Bb4 4. e5 c5 5. a3 Bxc3+ 6. bxc3 c4 7. Nf3 f6 8. exf6 Nxf6 9. Bg5 0-0 10. Bxf6 Qxf6 11. Be2 Nc6 12. 0-0 Bd7 13. Qd2 Qf5 14. Rae1 Rae8 15. Bd1 Kh8 16. Ne5 Nxe5 17. Rxe5 Qf4 18. Qe2 Rf5 19. g3 Rxe5 20. dxe5 Qf8 21. Qd2 Qxa3 22. Bh5 Rf8 23. g4 Qc5 24. Kg2 Kg8 25. g5 a5 1/2-1/2

[Event "Le Touquet op 18th"]
[Site "Le Touquet"]
[Date "2003.10.26"]
[Round "1"]
[White "Toth, Charles"]
[Black "Majcher, Bernard"]
[Result "0-1"]
[WhiteElo "1889"]
[BlackElo "2036"]
[PlyCount "46"]
[EventDate "2003.10.26"]
[EventType "swiss"]
[EventRounds "9"]
[EventCountry "FRA"]
[SourceTitle "EXT 2004"]
[Source "ChessBase"]
[SourceDate "2003.11.25"]
[SourceVersion "1"]
[SourceVersionDate "2003.11.25"]
[SourceQuality "1"]

1. e4 b6 2. d4 Bb7 3. Nc3 e6 4. Bd3 Bb4 5. Qg4 Bxc3+ 6. bxc3 Nf6 7. Qe2 d5 8. e5 Ne4 9. Bxe4 dxe4 10. Ba3 Qg5 11. g3 Nd7 12. h4 Qg6 13. Rh2 e3 14. Qxe3 Qxc2 15. Ne2 Qa4 16. c4 Qxc4 17. Qg5 f6 18. Qxg7 0-0-0 19. exf6 Bf3 20. Kf1 Bxe2+ 21. Kg2 Qc3 22. Rc1 Qxa3 23. Rhh1 Bf3+ 0-1

[Event "Saarlouis op 5th"]
[Site "Saarlouis"]
[Date "2002.05.27"]
[Round "4"]
[White "Toth, Charles"]
[Black "Giel, Olaf"]
[Result "1/2-1/2"]
[WhiteElo "1200"]
[BlackElo "2055"]
[PlyCount "77"]
[EventDate "2002.05.??"]
[EventType "swiss"]
[EventRounds "9"]
[EventCountry "GER"]
[SourceTitle "EXT 2006"]
[Source "ChessBase"]
[SourceDate "2005.11.24"]
[SourceVersion "1"]
[SourceVersionDate "2005.11.24"]
[SourceQuality "1"]

1. e4 c5 2. Nf3 e6 3. d4 d5 4. e5 cxd4 5. Nxd4 Nc6 6. Nxc6 bxc6 7. c3 Bc5 8. Qg4 g6 9. Bd3 Qc7 10. Qg3 Bf8 11. 0-0 Bg7 12. Re1 Ne7 13. f4 Nf5 14. Qf2 Qb6 15. g4 Qxf2+ 16. Kxf2 Ne7 17. Be3 h5 18. g5 Bb7 19. Bc5 Kd7 20. Nd2 Bf8 21. Nb3 Nc8 22. Bd4 Nb6 23. Nc5+ Bxc5 24. Bxc5 Na4 25. Ba3 Rhc8 26. Rac1 c5 27. Bb5+ Bc6 28. Bxa4 Bxa4 29. b3 Bb5 30. Red1 c4 31. Bb2 Ba6 32. Ba3 Rab8 33. Bd6 Rb6 34. b4 Bb5 35. Rd4 Ra6 36. Ra1 Ra3 37. Bc5 Rc6 38. Rd2 Rca6 39. Bd4 1/2-1/2

[Event "Saarlouis op 5th"]
[Site "Saarlouis"]
[Date "2002.05.26"]
[Round "2"]
[White "Toth, Charles"]
[Black "Vierroth, Hans"]
[Result "1-0"]
[WhiteElo "1200"]
[BlackElo "1668"]
[PlyCount "77"]
[EventDate "2002.05.??"]
[EventType "swiss"]
[EventRounds "9"]
[EventCountry "GER"]
[SourceTitle "EXT 2006"]
[Source "ChessBase"]
[SourceDate "2005.11.24"]
[SourceVersion "1"]
[SourceVersionDate "2005.11.24"]
[SourceQuality "1"]

1. e4 g6 2. d4 Bg7 3. Be3 d6 4. Be2 c5 5. c3 Nf6 6. Nd2 cxd4 7. Bxd4 Nc6 8. Be3 0-0 9. f4 Bd7 10. Ngf3 Ng4 11. Bg1 Rc8 12. Nd4 Nf6 13. Bf2 a6 14. 0-0 b5 15. a4 Rb8 16. axb5 Nxd4 17. Bxd4 axb5 18. Qc2 Qc7 19. Ra7 Rb7 20. Re1 Ng4 21. Bf2 Nxf2 22. Rxb7 Qxb7 23. Kxf2 Rc8 24. Qd3 b4 25. Nb1 bxc3 26. bxc3 Qb6+ 27. Kf1 Rb8 28. Nd2 Qc5 29. Rc1 Qa3 30. Rb1 Rc8 31. c4 Qa2 32. Rb7 Qa1+ 33. Qb1 Qa4 34. Bd1 Qc6 35. Qb5 Kf8 36. Rxd7 Ke8 37. Qxc6 Rxc6 38. Ra7 Bc3 39. Ba4 1-0

[Event "Saarlouis op 5th"]
[Site "Saarlouis"]
[Date "2002.05.25"]
[Round "1"]
[White "Recktenwald, Thomas"]
[Black "Toth, Charles"]
[Result "1-0"]
[WhiteElo "1821"]
[BlackElo "1200"]
[PlyCount "57"]
[EventDate "2002.05.??"]
[EventType "swiss"]
[EventRounds "9"]
[EventCountry "GER"]
[SourceTitle "EXT 2006"]
[Source "ChessBase"]
[SourceDate "2005.11.24"]
[SourceVersion "1"]
[SourceVersionDate "2005.11.24"]
[SourceQuality "1"]

1. e4 e5 2. Nf3 Nc6 3. Bb5 a6 4. Ba4 Nf6 5. 0-0 Be7 6. Re1 b5 7. Bb3 0-0 8. a4 Bb7 9. Nc3 b4 10. Nd5 Bc5 11. c3 bxc3 12. bxc3 Re8 13. d4 exd4 14. Bg5 Be7 15. Nxe7+ Nxe7 16. Bxf6 gxf6 17. Nxd4 d5 18. Qh5 c5 19. Nf5 Nxf5 20. Qxf5 Re5 21. Qf4 dxe4 22. Rad1 Qe7 23. Re3 Kh8 24. Rd7 Qxd7 25. Qxf6+ Kg8 26. Rg3+ Kf8 27. Qh8+ Ke7 28. Qxe5+ Kf8 29. Qxc5+ 1-0

[Event "Saarlouis op 4th"]
[Site "Saarlouis"]
[Date "2001.05.27"]
[Round "9"]
[White "Vierroth, Hans"]
[Black "Toth, Charles"]
[Result "1-0"]
[WhiteElo "1747"]
[BlackElo "1000"]
[PlyCount "83"]
[EventDate "2001.05.??"]
[EventType "swiss"]
[EventRounds "9"]
[EventCountry "GER"]
[SourceTitle "EXT 2006"]
[Source "ChessBase"]
[SourceDate "2005.11.24"]
[SourceVersion "1"]
[SourceVersionDate "2005.11.24"]
[SourceQuality "1"]

1. d4 Nc6 2. Nf3 d6 3. d5 Ne5 4. Nxe5 dxe5 5. e4 Nf6 6. Bd3 e6 7. c4 Bc5 8. 0-0 0-0 9. a3 Qe8 10. b4 Bd4 11. Ra2 exd5 12. cxd5 c6 13. dxc6 Qxc6 14. Rc2 Qb6 15. Bb2 Rd8 16. Kh1 Bxb2 17. Rxb2 Nxe4 18. Qe2 Qd4 19. Bxe4 Bg4 20. f3 Be6 21. Rd2 Qb6 22. Nc3 Rxd2 23. Qxd2 Rd8 24. Nd5 Bxd5 25. Bxd5 g6 26. Rd1 Kg7 27. Qc3 f6 28. Bb3 Rd4 29. Rc1 Qa6 30. Qc7+ Kh6 31. Bg8 Qxa3 32. Qxh7+ Kg5 33. Rg1 Rh4 34. Qd7 Qxb4 35. g3 Rd4 36. Qh3 f5 37. f4+ Kf6 38. Qh8+ Ke7 39. Qxe5+ Kd8 40. Re1 Re4 41. Rd1+ Kc8 42. Be6# 1-0

[Event "Saarlouis op 4th"]
[Site "Saarlouis"]
[Date "2001.05.23"]
[Round "6"]
[White "Toth, Charles"]
[Black "Wolf, Margot"]
[Result "1-0"]
[WhiteElo "1000"]
[BlackElo "1255"]
[PlyCount "63"]
[EventDate "2001.05.??"]
[EventType "swiss"]
[EventRounds "9"]
[EventCountry "GER"]
[SourceTitle "EXT 2006"]
[Source "ChessBase"]
[SourceDate "2005.11.24"]
[SourceVersion "1"]
[SourceVersionDate "2005.11.24"]
[SourceQuality "1"]

1. Nf3 d5 2. e4 e6 3. Nc3 Nf6 4. e5 Nfd7 5. Bb5 Be7 6. 0-0 0-0 7. Ne2 f6 8. exf6 Nxf6 9. d4 Bd7 10. Bd3 c5 11. c3 cxd4 12. cxd4 Qe8 13. Ne5 Ba4 14. Qe1 Bb5 15. Bc2 Nbd7 16. Nd3 Rc8 17. Nc3 Ba6 18. Qxe6+ Qf7 19. Qf5 Rfe8 20. Bf4 Bd8 21. Rfe1 Bb6 22. Ne5 Qe7 23. Rad1 Qe6 24. Qxe6+ Rxe6 25. Bf5 Re7 26. Nxd7 Rxe1+ 27. Rxe1 Bxd4 28. Nxf6+ Bxf6 29. Bxc8 d4 30. Be6+ Kh8 31. Nd5 Bd8 32. Bf5 1-0

[Event "Saarlouis op 4th"]
[Site "Saarlouis"]
[Date "2001.05.20"]
[Round "2"]
[White "Ferner, Joachim"]
[Black "Toth, Charles"]
[Result "1-0"]
[WhiteElo "1754"]
[BlackElo "1000"]
[PlyCount "81"]
[EventDate "2001.05.??"]
[EventType "swiss"]
[EventRounds "9"]
[EventCountry "GER"]
[SourceTitle "EXT 2006"]
[Source "ChessBase"]
[SourceDate "2005.11.24"]
[SourceVersion "1"]
[SourceVersionDate "2005.11.24"]
[SourceQuality "1"]

1. e4 Nc6 2. Nf3 d6 3. d4 Bg4 4. Bb5 d5 5. e5 Qd7 6. 0-0 f6 7. Qd3 e6 8. Nbd2 a6 9. Bxc6 Qxc6 10. Qb3 Qb5 11. Qe3 Qb6 12. h3 Bh5 13. Re1 Bf7 14. c4 c6 15. cxd5 cxd5 16. Nb3 Ne7 17. Bd2 Nc6 18. Rac1 Be7 19. Nc5 Bxc5 20. dxc5 Qd8 21. exf6 gxf6 22. Nd4 Nxd4 23. Qxd4 0-0 24. Bh6 e5 25. Qg4+ Bg6 26. Bxf8 Kxf8 27. Qb4 Qe7 28. Qb6 Rc8 29. c6 Rc7 30. cxb7 Rxb7 31. Qxa6 d4 32. Rc6 Kg7 33. Rec1 Rd7 34. Re6 Qd8 35. Rc8 d3 36. Rxd8 Rxd8 37. Rd6 Rxd6 38. Qxd6 e4 39. Kf1 Bf7 40. a4 f5 41. Ke1 1-0